000
00300nam a2200109Ia 4500
005
20251222144700.0
008
251222s9999||||xx |||||||||||||| ||spa||
082
_a
791.430.9/C76
245
0
_a
Los Tratados Cinematográficos de Iberoamérica y el Programa Ibermedia
264
_b
CONCYTEC
942
_c
LIB
999
_c
17397
_d
17397